000
00300nam a2200121Ia 4500
008
191201s2012 xx 000 0 und d
100
_a
KAILA,HL
245
0
_a
Human Resource Development and Organizational Psychology
260
_b
AITBS Pub
_c
2012
300
_a
305
650
_a
MBA
942
_2
ddc
_c
BK
999
_c
7005
_d
7005